Nová numerická schéma pre riešenie level-set rovnice

Enregistré dans:
Détails bibliographiques
Auteur principal: Frolkovič, Richard, 1991- (Auteur)
Autres auteurs: Balažovjech, Martin, 1970- (Directeur de thèse)
Format: Manuscrit Livre
Langue:slovaque
Publié: Bratislava : STU v Bratislave SvF, 2012
Sujets:
Accès en ligne:VAIS
Tags: Ajouter un tag
Pas de tags, Soyez le premier à ajouter un tag!

MARC

LEADER 00000ntm a22000003a 4500
001 stu252796
005 20150617230228.8
008 120721s2012----xo------------------slo-d
040 |a STU  |b slo 
041 0 |a slo 
044 |a xo 
100 1 |a Frolkovič, Richard,  |d 1991-  |4 aut  |u V  |T SvF Stavebná fakulta  |X 69782  |U V  |Y 10  |7 A000069782 
242 0 0 |a New higher-order scheme for level-set equations  |y eng 
245 1 |a Nová numerická schéma pre riešenie level-set rovnice 
260 |a Bratislava :  |b STU v Bratislave SvF,  |c 2012 
650 7 |a matematicko-počítačové modelovanie  |2 stusub 
650 7 |a Mathematical and Computational Modeling  |2 estusub 
650 7 |a mean curvature flow  |2 estusub 
700 1 |a Balažovjech, Martin,  |d 1970-  |4 ths  |u V220  |U SvF Stavebná fakulta  |T SvF Katedra matematiky a deskriptívnej geometrie  |X 3813  |U V220  |Y 23  |7 A000003813 
856 4 |a info a plný text  |u http://is.stuba.sk/zp/portal_zp.pl?podrobnosti=71889  |3 VAIS